Barack Obama : les enjeux du métissage. Une approche de deux discours (notice n° 1642869)
[ vue normale ]
| 000 -LEADER | |
|---|---|
| fixed length control field | 00496cam a2200145 4500500 |
| 005 - DATE AND TIME OF LATEST TRANSACTION | |
| control field | 20260201143322.0 |
| 041 ## - LANGUAGE CODE | |
| Language code of text/sound track or separate title | fre |
| 042 ## - AUTHENTICATION CODE | |
| Authentication code | dc |
| 100 10 - MAIN ENTRY--PERSONAL NAME | |
| Personal name | Tadjo, Véronique |
| Relator term | author |
| 245 00 - TITLE STATEMENT | |
| Title | Barack Obama : les enjeux du métissage. Une approche de deux discours |
| 260 ## - PUBLICATION, DISTRIBUTION, ETC. | |
| Date of publication, distribution, etc. | 2008.<br/> |
| 500 ## - GENERAL NOTE | |
| General note | 66 |
| 786 0# - DATA SOURCE ENTRY | |
| Note | Présence Africaine | 178 | 2 | 2008-08-01 | p. 39-50 | 0032-7638 |
| 856 41 - ELECTRONIC LOCATION AND ACCESS | |
| Uniform Resource Identifier | <a href="https://shs.cairn.info/revue-presence-africaine-2008-2-page-39?lang=fr&redirect-ssocas=7080">https://shs.cairn.info/revue-presence-africaine-2008-2-page-39?lang=fr&redirect-ssocas=7080</a> |
Pas d'exemplaire disponible.




Réseaux sociaux